Hospitality marketing : an introduction

Αποθηκεύτηκε σε:
Λεπτομέρειες βιβλιογραφικής εγγραφής
Κύριος συγγραφέας: Bowie, David 1951-
Άλλοι συγγραφείς: Buttle, Francis
Μορφή: Βιβλίο
Γλώσσα:English
Δημοσίευση: Amsterdam : Elsevier Butterworth-Heinemann, c2004
Θέματα:
Ετικέτες: Προσθήκη ετικέτας
Δεν υπάρχουν, Καταχωρήστε ετικέτα πρώτοι!

MARC

LEADER 00000nam a2200000 i 4500
001 1/71046
008 080117r2004 eng d
020 |a 978-0-7506-5245-2 (pbk.) 
020 |a 0-7506-5245-4 (pbk.) 
035 |l 10093818 
040 |a GR-MY-UA  |b gre  |e aacr 
041 0 |a eng 
082 0 |a 647.940688  |2 (22) 
100 1 |a Bowie, David  |d 1951- 
245 1 0 |a Hospitality marketing :  |b an introduction /  |c David Bowie and Francis Buttle 
260 |a Amsterdam :   |b Elsevier Butterworth-Heinemann,   |c c2004 
300 |a 350 σ.;  |b εικ.;  |c 25 εκ. 
500 |a Το Παράρτημα της Χίου διαθέτει την ανατύπωση, 2007 
504 |a Περιλαμβάνει βιβλιογραφίες και ευρτήριο 
650 0 0 |a Hospitality industry  |x Marketing. 
700 1 |a Buttle, Francis. 
852 |a INST  |b CHIOS  |e 20080117  |h 647.940688 BOW  |p 005200027954  |q 005200027954  |t BK  |y 0 
901 |a BIBL2-2008-1 
909 |a Χ  |b 143627 
922 |a 2ΕΛΗ  |b 200712  |c ΕΠΕΑΕΚ2/ΤΔΕ  |d ΕΛΕΥΘΕΡΟΥΔΑΚΗΣ 
970 |a ΒΑΡΦΗΣ  |b ΒΑΓΓΕΛΗΣ  |z 2008/01/17